000 00340nam a22001457a 4500
008 221018b ||||| |||| 00| 0 eng d
020 _a9789951278669
041 _aeng
080 _a339
082 _a339
100 _a23.1
101 _aTRE
245 _aAUTORITARIZMI POLTRONIZMI SI RRENUES TE DEMOKRACISE
_cBEQAJ B
942 _2udc
_cBK
999 _c58603
_d58603